Hướng dẫn giải bài tập toán giải tích Dùng cho học sinh tại chức Đại học kỹ thuật T.3 Hướng dẫn giải bài tập toán giải tích

Hướng dẫn giải các bài tập toán giải tích: phương trình vi phân cấp một, phương trình vi phân cấp hai, chuỗi số, luỹ thừa, chuỗi fuariê. Phụ lục 1 số yếu tố hình vi phân trong không gian

Na minha lista:
Detalhes bibliográficos
Autor principal: Dương Thuỷ Vỹ
Outros Autores: Vũ Long (Tác giả), Tạ Văn Đĩnh (Tác giả)
Formato: Livro
Idioma:Vietnamese
Publicado em: H. Đại học và trung học chuyên nghiệp 1982
Edição:Xb. lần 2, có chỉnh lý
Assuntos:
Tags: Adicionar Tag
Sem tags, seja o primeiro a adicionar uma tag!
Thư viện lưu trữ: Mạng thư viện Đại học Đà Nẵng
LEADER 01679nam a2200385 4500
001 000007971
003 4149
005 20111013111011.0
008 111013s1982 viesd
020 |c 6.5đ 
041 0 |a vie 
082 |a 515.4  |b DƯ-V 
100 0 |a Dương Thuỷ Vỹ 
245 1 0 |a Hướng dẫn giải bài tập toán giải tích  |b Dùng cho học sinh tại chức Đại học kỹ thuật  |c Dương Thuỷ Vỹ, Vũ Long, Tạ Văn Đĩnh  |n T.3  |p Hướng dẫn giải bài tập toán giải tích 
250 |a Xb. lần 2, có chỉnh lý 
260 |a H.  |b Đại học và trung học chuyên nghiệp  |c 1982 
300 |a 188tr  |c 20cm 
520 |a Hướng dẫn giải các bài tập toán giải tích: phương trình vi phân cấp một, phương trình vi phân cấp hai, chuỗi số, luỹ thừa, chuỗi fuariê. Phụ lục 1 số yếu tố hình vi phân trong không gian 
653 |a phương trình vị phân 
653 |a Lí thuyết chuỗi 
653 |a bài tập 
700 |a Vũ Long  |e Tác giả 
700 |a Tạ Văn Đĩnh  |e Tác giả 
773 |t Hướng dẫn giải bài tập toán giải tích  |w 4143 
910 |a Phuong  |d 13/10/2011 
OWN |a LSP 
AVA |a UDN50  |b LSP  |d 515.4 DƯ-V  |e unavailable  |t Error 5002 Not defined in file expand_doc_bib_avail.  |f 1  |g 1  |h N  |i 0  |k 1 
999 |a From the UDN01 
AVA |a UDN50  |b LSP  |d 515.4 DƯ-V  |e unavailable  |t Error 5002 Not defined in file expand_doc_bib_avail.  |f 1  |g 1  |h N  |i 0  |k 1 
TYP |a Monograph 
TYP |a Printed language 
980 |a Mạng thư viện Đại học Đà Nẵng